000
00301 a2200145 4500
001
180113
020
_a
040
_c
Magnum
100
_a
Orthof, Sylvia
240
1
0
_a
Choque no roque
_l
por
245
1
0
_a
Choque no roque
362
0
_a
1899
697
_a
MAGNITO: IJ/FADAS, FANTASIA
942
_c
BK
999
_c
180113
_d
180113